000 00789nam a2200217Ia 4500
003 OSt
005 20240328121049.0
008 210210b2005 xxu||||| |||| 00| 0 eng d
020 _a8187731583
040 _cAL
041 _aKannada
082 _aK894.9 NAGK
100 _aNAGABHUSHANA (D S) Ed
_9117058
_dನಾಗಭೂಷಣ (ಡಿ ಎಸ್)
245 _aKuvempu Ondu punaranveshane: Kuvempu baduku barahagala ondu hinnota
_b ಕುವೆಂಪು ಒಂದು ಪುನರಾನ್ವೇಷಣೆ : ಕುವೆಂಪು ಬದುಕು ಬರಹಗಳ ಒಂದು ಹಿನ್ನೋಟ
260 _aBallari
_bLohiya Prakashana
_c2005
300 _axix,344
650 _aPuttappa K V
_9117059
690 _aKannada Criticism
_9117060
906 _a061825
942 _2ddc
_cBK
999 _c115944
_d115944